| 000 | 00438 a2200157 4500 | ||
|---|---|---|---|
| 999 |
_c321331 _d321331 |
||
| 001 | 86258 | ||
| 003 | NUST | ||
| 005 | 20180122102852.0 | ||
| 008 | 180122b xxu||||| |||| 00| 0 eng d | ||
| 020 | _a9780199066087 | ||
| 082 | _a954.0359 RAB | ||
| 100 |
_aRabia Umar Ali _99451 |
||
| 245 |
_aEmpire in retreat : the story of India's partition _cRabia Umar Ali _hEnglish |
||
| 250 | _a1st | ||
| 260 |
_aKarachi _bOxford university Press _c2012 |
||
| 300 | _axii, 190 p. | ||
| 500 | _aGeneral Collection | ||
| 942 |
_aCAE NUST _cBK _k954.0359 RAB _2ddc |
||